| Tag |
First Indicator |
Second Indicator |
Subfields |
| LEADER |
00000pam a2200000 i 4500 |
| 001 |
in00000323200 |
| 005 |
20151011051032.0 |
| 008 |
771118s1977 caua 00110 eng |
| 010 |
|
|
|a 77025369
|
| 020 |
|
|
|a 0915668068 :
|c $12.75
|
| 035 |
|
|
|a (OCoLC)03481146
|
| 035 |
|
|
|9 ABK6021AM
|
| 040 |
|
|
|a DLC
|c DLC
|d TXA
|d UtOrBLW
|
| 049 |
|
|
|a TXAM
|c [1166111]
|
| 050 |
0 |
0 |
|a TK7871.6
|b .G73
|
| 082 |
0 |
|
|a 621.38/0283
|
| 100 |
1 |
|
|a Grantham, Donald J.
|
| 245 |
1 |
0 |
|a Antennas, transmission lines, and microwaves /
|c by Donald J. Grantham.
|
| 264 |
|
1 |
|a Los Angeles :
|b GSE Publications,
|c [1977]
|
| 264 |
|
4 |
|c ©1977
|
| 300 |
|
|
|a 315 pages :
|b illustrations ;
|c 27 cm.
|
| 336 |
|
|
|a text
|b txt
|2 rdacontent
|
| 337 |
|
|
|a unmediated
|b n
|2 rdamedia
|
| 338 |
|
|
|a volume
|b nc
|2 rdacarrier
|
| 490 |
0 |
|
|a Grantham electronics-with-mathematics series ; v. 6
|
| 500 |
|
|
|a Includes index.
|
| 650 |
|
0 |
|a Antennas (Electronics)
|
| 650 |
|
0 |
|a Radio lines.
|
| 650 |
|
0 |
|a Microwaves.
|
| 999 |
|
|
|a MARS
|
| 999 |
f |
f |
|s 346f3e95-f9fe-3f2d-8d22-43ff1da14b29
|i e9c74cb5-cc61-37a5-8056-781be94b9bf3
|t 0
|
| 952 |
f |
f |
|p ric
|a Texas A&M University
|b Rellis Campus
|c Joint Library Facility
|d Remote Storage
|t 0
|e TK7871.6 .G73
|h Library of Congress classification
|i unmediated -- volume
|m A14805501066
|
| 998 |
f |
f |
|a TK7871.6 .G73
|t 0
|l Remote Storage
|